[Event "GAMMA Reykjavik Open 2019"]
[Site "Reykjavik"]
[Date "2019.04.11"]
[Round "5.26"]
[White "Thorfinnsson, Bjorn"]
[Black "Munshi, Aditya"]
[Result "1-0"]
[WhiteElo "2399"]
[BlackElo "2113"]
[Annotator "NA"]
[PlyCount "53"]
[EventDate "2019.04.04"]
[EventType "swiss"]
[EventCountry "ISL"]
[SourceTitle "playchess.com"]
[Source "ChessBase"]
[SourceQuality "1"]
[TimeControl "40/5400+30:1800+30"]

1. d4 {[%emt 0:15:07]} Nf6 {[%emt 0:00:00]} 2. Nf3 {[%emt 0:00:19]} e6 {[%emt 0:00:42]} 3. Bg5 {[%emt 0:00:11]} d5 {[%emt 0:03:32]} 4. e3 {[%emt 0:00:11]} h6 {[%emt 0:01:41]} 5. Bh4 {[%emt 0:00:16]} c6 {[%emt 0:04:43]} 6. Nbd2 {[%emt 0:02:07]} Nbd7 {[%emt 0:02:07]} 7. Ne5 {[%emt 0:01:59]} Be7 {[%emt 0:02:15]} 8. f4 {[%emt 0:00:41]} Nxe5 {[%emt 0:08:00]} 9. fxe5 {[%emt 0:00:13]} Nd7 {[%emt 0:00:37]} 10. Bg3 {[%emt 0:00:37]} Bh4 {[%emt 0:05:19]} 11. Qg4 {[%emt 0:03:41]} Bxg3+ {[%emt 0:00:54]} 12. hxg3 {[%emt 0:00:04]} g6 {[%emt 0:07:07]} 13. Bd3 {[%emt 0:00:07]} h5 {[%emt 0:01:17]} 14. Qf4 {[%emt 0:00:42]} b6 {[%emt 0:04:12]} 15. Nf3 {[%emt 0:06:08]} a5 {[%emt 0:01:33]} 16. O-O-O {[%emt 0:04:33]} Ba6 {[%emt 0:01:27]} 17. Bxa6 {[%emt 0:01:28]} Rxa6 {[%emt 0:00:02]} 18. g4 {[%emt 0:01:21]} Qe7 {[%emt 0:05:08]} 19. gxh5 {[%emt 0:01:44]} Rxh5 {[%emt 0:01:42]} 20. g4 {[%emt 0:06:58]} Rxh1 {[%emt 0:00:09]} 21. Rxh1 {[%emt 0:00:04]} Nf8 {[%emt 0:00:40]} 22. Rh8 {[%emt 0:00:44]} Ra8 {[%emt 0:01:08]} 23. Ng5 {[%emt 0:00:49]} Rc8 {[%emt 0:13:00]} 24. Rg8 {[%emt 0:03:25]} c5 {[%emt 0:02:12]} 25. dxc5 {[%emt 0:09:43]} bxc5 {[%emt 0:01:17]} 26. Qa4+ {[%emt 0:08:30]} Qd7 {[%emt 0:01:04]} 27. Rxf8+ {[%emt 0:00:12]} 1-0

[Event "GAMMA Reykjavik Open 2019"]
[Site "Reykjavik"]
[Date "2019.04.11"]
[Round "5.27"]
[White "Smith, Daniel"]
[Black "Tomazini, Zan"]
[Result "0-1"]
[WhiteElo "2047"]
[BlackElo "2390"]
[Annotator "TA"]
[PlyCount "58"]
[EventDate "2019.04.04"]
[EventType "swiss"]
[EventCountry "ISL"]
[SourceTitle "playchess.com"]
[Source "ChessBase"]
[SourceQuality "1"]

{[%evp 9,57,21,41,10,14,12,11,16,13,12,13,13,14,0,0,-43,-43,-40,-35,-57,-24,-41,-20,-19,-16,-44,-62,-52,-66,-58,0,0,0,-23,0,0,0,-77,-68,-191,0,-301,-314,-370,-378,-2427,-2363,-29995,-29996,-29999]} 1. d4 g6 2. e4 Bg7 3. Nf3 d6 4. Bc4 Nf6 5. Qe2 Nc6 6. e5 {B06: Modern Defence} (6. O-O Bg4 7. c3 e5 8. Rd1 O-O 9. h3 Bxf3 10. Qxf3 Nd7 11. Qe3 Kh8 12. dxe5 Ncxe5 13. Bf1 f5 {1-0 (60) Bacrot,E (2677)-Adhiban,B (2682) Zagreb 2018}) 6... dxe5 7. dxe5 Ng4 {[%cal Rg4e5]} 8. Bb5 {The position is equal.} Bd7 {[%cal Rg4e5]} 9. Bf4 a6 $146 ({Predecessor:} 9... O-O 10. O-O Ngxe5 11. Bxe5 Bxe5 12. Nc3 Bxc3 13. bxc3 a6 {0-1 (59) Djumaev,B (1986)-Rustamov,A (2199) Tashkent 2013}) 10. Bc4 Bf5 $1 11. h3 Nd4 $36 {[%mdl 2048] Black is pushing.} 12. Bxf7+ (12. Nxd4 {seems wilder.} Qxd4 13. hxg4 Qxf4 14. gxf5 Qc1+ 15. Qd1) 12... Kf8 13. Nxd4 Qxd4 {[%mdl 64] Double Attack} 14. hxg4 {Strongly threatening Qc4.} Qxf4 15. gxf5 {aiming for Bb3.} Qc1+ $1 16. Qd1 Qxb2 17. Bb3 Qxe5+ 18. Kf1 {Threatens to win with c3.} Qxa1 {[#]} 19. c3 $1 {[%mdl 512]} Qb2 (19... Ke8 $15 20. fxg6 hxg6 21. Rxh8+ Bxh8) (19... Bxc3 20. fxg6) 20. Rh3 Ke8 {White must now prevent ...Rd8.} 21. Re3 Bh6 22. Re1 Rf8 $1 {[%cal Rf8f5]} 23. g4 (23. Qd4 $11 {keeps the balance.} Rxf5 24. f3) 23... Bg5 $1 $17 ({Don't play} 23... gxf5 $6 24. g5 $1 $11 {[%mdl 512]}) (23... Rd8 24. Qf3 $14) 24. Qf3 ({White must play} 24. Qd4 $15 Bh4 25. Qf4) 24... Bh4 $2 {[#]} (24... c6 $19 {Hoping for ...Rd8.} 25. Qh1 h6) 25. Be6 $2 {[%mdl 8192]} (25. Na3 $1 $11 {[%mdl 512] and White is okay.}) 25... Rd8 $19 26. Kg2 Rd6 27. Qe3 $2 {[#]} (27. Qe2 Qb6 28. Rf1) 27... Rxe6 $1 {[%mdl 64] Deflection} 28. Qxe6 Qxf2+ {[%mdl 64] Double Attack} 29. Kh3 Qg3# {Accuracy: White = 34%, Black = 69%.} 0-1

[Event "GAMMA Reykjavik Open 2019"]
[Site "Reykjavik"]
[Date "2019.04.11"]
[Round "5.29"]
[White "Van de Plassche, Bas"]
[Black "Haraldsson, Haraldur"]
[Result "1-0"]
[WhiteElo "2376"]
[BlackElo "2027"]
[Annotator "TA"]
[PlyCount "71"]
[EventDate "2019.04.04"]
[EventType "swiss"]
[EventCountry "ISL"]
[SourceTitle "playchess.com"]
[Source "ChessBase"]
[SourceQuality "1"]

{[%evp 15,71,-6,-5,7,3,0,25,-25,-20,-38,48,18,65,32,41,41,110,68,84,74,77,91,88,67,109,90,166,158,164,162,184,144,156,150,224,221,251,243,275,258,252,255,243,247,674,637,618,441,999,989,984,983,1150,953,959,640,602,595]} 1. d4 Nf6 2. c4 e6 3. Nc3 Bb4 4. e3 d5 5. cxd5 exd5 6. Bd3 O-O 7. Nge2 Re8 8. Bd2 {E48: Nimzo-Indian: Rubinstein: 5 Bd3 d5 including 6 Ne2, but excluding 6 a3} a5 {LiveBook: 7 Games} 9. Rc1 c6 $146 ({Predecessor:} 9... Nbd7 10. O-O Bf8 11. f3 c5 12. Bb5 Qb6 13. Kh1 Rd8 14. Be1 cxd4 15. exd4 Nb8 {1-0 (82) Short,N (2698)-Quesada Perez,Y (2626) Istanbul 2012}) 10. O-O {The position is equal.} Nbd7 11. a3 Bd6 12. f3 c5 (12... b5 $15) 13. Qe1 b6 14. Qf2 Bb7 15. g4 {[%cal Bg2g4,Bg4g5][%mdl 32]} Qe7 ({Black should play} 15... Nf8 $14) 16. Ng3 $36 {[%mdl 2048] White has the initiative.} g6 17. g5 Bxg3 18. hxg3 Nh5 19. f4 f5 20. Be2 Ng7 (20... Nf8 $16) 21. Bf3 $18 Qd6 22. Qg2 Re4 23. Bxe4 fxe4 24. Nb5 Qc6 (24... Qe7 $16 25. dxc5 bxc5) 25. a4 Nf5 26. Qh3 Re8 27. Rf2 Ba6 28. g4 Nd6 29. f5 Nf8 $2 (29... Nf7 30. Qh4 Bxb5) 30. dxc5 {White is clearly winning.} bxc5 31. Bc3 d4 {[#]} (31... Qd7 $142 32. Nxd6 Qxd6) 32. Bxd4 $1 {[%mdl 64] Pin} Bxb5 (32... cxd4 33. Rxc6) 33. axb5 Nxb5 34. Rxc5 Qd7 35. Rxb5 Qxb5 36. f6 {Accuracy: White = 58%, Black = 22%.} 1-0

[Event "GAMMA Reykjavik Open 2019"]
[Site "Reykjavik"]
[Date "2019.04.11"]
[Round "5.30"]
[White "Alashtar, Aasef"]
[Black "Sowray, Peter J"]
[Result "0-1"]
[WhiteElo "1905"]
[BlackElo "2356"]
[Annotator "NA RC"]
[PlyCount "86"]
[EventDate "2019.04.04"]
[EventType "swiss"]
[EventCountry "ISL"]
[SourceTitle "playchess.com"]
[Source "ChessBase"]
[SourceQuality "1"]
[TimeControl "40/5400+30:1800+30"]

1. b3 {[%emt 0:00:00]} d6 {[%emt 0:00:39]} 2. Bb2 {[%emt 0:00:00]} Nd7 {[%emt 0:00:10]} 3. d4 {[%emt 0:03:55]} Ngf6 {[%emt 0:01:01]} 4. Nf3 {[%emt 0:00:28]} g6 {[%emt 0:01:32]} 5. Nbd2 {[%emt 0:01:07]} Bg7 {[%emt 0:02:04]} 6. e3 {[%emt 0:03:15]} O-O {[%emt 0:01:38]} 7. Bd3 {[%emt 0:01:18] A48: 1 d4 Nf6 2 Nf3 g6: Torre, London and Colle Systems} (7. Be2 c5 8. O-O b6 9. c4 e6 10. dxc5 bxc5 11. Qc2 Bb7 12. Rfd1 h6 13. Bd3 Re8 14. Rab1 Qc7 15. Ne4 Rad8 16. h3 {0-1 (122) Camacho Collados,M (2451)-Spraggett,K (2561) Lisbon 2014}) 7... e5 {[%emt 0:08:46]} 8. dxe5 {[%emt 0:10:59]} Ng4 {[%emt 0:00:36]} 9. O-O {[%emt 0:05:50]} Ndxe5 {[%emt 0:04:09]} 10. Nxe5 {[%emt 0:03:52]} Nxe5 {[%emt 0:01:27]} 11. Rb1 {[%emt 0:00:47]} Nxd3 {[%emt 0:11:24]} 12. cxd3 {[%emt 0:00:33]} Be6 $146 {[%emt 0:05:28]} ({Predecessor:} 12... b6 13. Bxg7 Kxg7 14. Qc2 Bb7 15. e4 Rc8 16. Qc3+ Kg8 17. Rbe1 {0-1 (48) Putrenko,K (1876)-Samoun,F (2321) St Petersburg 2017}) 13. Qf3 {[%emt 0:12:04]} c6 {[%emt 0:01:38]} 14. Bxg7 {[%emt 0:09:34]} Kxg7 {[%emt 0:00:37]} 15. Qg3 {[%emt 0:05:03]} Qe7 {[%emt 0:05:51]} 16. e4 {[%emt 0:07:25]} Rad8 {[%emt 0:04:37]} 17. d4 {[%emt 0:05:50]} f5 {[%emt 0:08:03]} 18. Qc3 {[%emt 0:02:02]} Bc8 {[%emt 0:12:32]} 19. Rfe1 {[%emt 0:02:30]} fxe4 {[%emt 0:03:29]} 20. Rxe4 {[%emt 0:04:31]} Qf6 {[%emt 0:01:44]} 21. Qe3 {[%emt 0:00:32]} Rf7 {[%emt 0:04:32]} 22. Re1 {[%emt 0:01:18]} Rdf8 {[%emt 0:01:30]} 23. f3 {[%emt 0:05:53]} Bf5 {[%emt 0:02:39]} 24. Re7 {[%emt 0:00:19]} Rxe7 {[%emt 0:01:19]} 25. Qxe7+ {[%emt 0:00:02]} Qxe7 {[%emt 0:00:13]} 26. Rxe7+ {[%emt 0:00:01]} Rf7 {[%emt 0:00:02]} 27. Re8 {[%emt 0:02:21]} Rf8 {[%emt 0:05:56]} 28. Rxf8 $11 {[%emt 0:02:34]} Kxf8 {[%emt 0:00:01]} 29. g4 {[%emt 0:00:53]} Be6 {[%emt 0:01:40]} 30. Kf2 {[%emt 0:01:04]} Ke7 {[%emt 0:01:16]} 31. Ke3 {[%emt 0:01:49]} a5 {[%emt 0:00:43]} 32. a3 {[%emt 0:02:37]} c5 {[%emt 0:01:41]} 33. h4 {[%emt 0:01:17]} Kd7 {[%emt 0:01:26]} 34. Kd3 {[%emt 0:04:00]} b5 {[%emt 0:02:02]} 35. Kc3 {[%emt 0:01:03]} Kc6 {[%emt 0:00:44]} 36. dxc5 {[%emt 0:00:23]} dxc5 {[%emt 0:00:20]} 37. Kd3 {[%emt 0:00:19]} Bxb3 {[%emt 0:01:44]} 38. Nxb3 {[%emt 0:00:03]} c4+ {[%emt 0:00:04]} 39. Kc3 {[%emt 0:00:23]} cxb3 {[%emt 0:00:02]} 40. Kxb3 {[%emt 0:00:00]} Kd5 {[%emt 0:00:00]} 41. f4 {[%emt 0:10:29]} Ke4 {[%emt 0:02:00]} 42. f5 {[%emt 0:00:17]} gxf5 {[%emt 0:00:44]} 43. g5 {[%emt 0:01:55]} Kf4 {[%emt 0:00:16]} 0-1

[Event "GAMMA Reykjavik Open 2019"]
[Site "Reykjavik"]
[Date "2019.04.11"]
[Round "5.31"]
[White "Bjornsson, Sigurbjorn"]
[Black "Bjorgvinsson, Andri Freyr"]
[Result "1-0"]
[WhiteElo "2312"]
[BlackElo "2058"]
[Annotator "TA"]
[PlyCount "75"]
[EventDate "2019.04.04"]
[EventType "swiss"]
[EventCountry "ISL"]
[SourceTitle "playchess.com"]
[Source "ChessBase"]
[SourceQuality "1"]

{[%evp 33,75,51,54,33,65,26,18,15,108,106,109,109,138,110,158,158,159,156,241,236,232,233,233,219,191,42,748,722,657,249,29989,29990,29990,29991,29991,29992,29992,29993,29993,29994,29994,29995,29995,29996]} 1. e4 c5 2. Nf3 e6 3. d4 cxd4 4. Nxd4 Nc6 5. Nc3 Qc7 6. g3 a6 7. Bg2 Nf6 8. O-O Nxd4 9. Qxd4 Bc5 10. Bf4 d6 11. Qd2 h6 12. Rad1 e5 13. Be3 Be6 {B47: Sicilian: Taimanov: 5 Nc3 Qc7 6 f4, 6 g3 and 6 Be2} (13... Bg4 14. Bxc5 dxc5 15. Qd6 Qxd6 16. Rxd6 Nd7 17. f4 O-O-O 18. Nd5 Be6 19. Rd1 Nf6 20. fxe5 Nd7 21. Nf4 Nxe5 22. Nxe6 fxe6 {½-½ (30) Balogh,C (2629)-Miton,K (2590) Slovakia 2018}) 14. Bxc5 dxc5 15. Nd5 Bxd5 16. exd5 Qd6 17. c4 O-O {LiveBook: 9 Games} 18. Rfe1 {[#]} Rab8 $146 ({Predecessor:} 18... Nd7 19. Re2 f5 20. Rde1 b5 21. b3 bxc4 22. bxc4 {½-½ (75) Gomez Garrido,C (2522)-Macieja,B (2524) Mexico City 2017}) 19. Re2 b5 20. Rde1 Rfe8 (20... Nd7 $11 {remains equal.}) 21. b3 $16 bxc4 22. bxc4 Rb4 23. Qc3 Nd7 24. Bh3 f6 {[#]} 25. f4 $1 {[%mdl 512]} Nb6 (25... Nf8 $16 26. a3 (26. fxe5 fxe5 27. a3 Rb6 $18) 26... Rbb8 27. fxe5 Rxe5) (25... exf4 26. Rxe8+) 26. Be6+ Kh8 27. fxe5 fxe5 28. Rxe5 Rxc4 {[#]} 29. Qd3 (29. Qe3 $1 $18) 29... Rf8 $2 {[%mdl 8192]} (29... Rc1 $14 30. Rxc1 Qxe5) 30. Rf5 $18 {Hoping for Rxf8+.} Re8 31. Rf7 $2 $40 {[%mdl 128] Black is in trouble.} (31. Rff1 Rd4 32. Qxa6) 31... Rd4 $2 (31... Rg4 $18 32. Qxa6 Rg6) 32. Qg6 {[%csl Gf7][%cal Rg6g7] White mates.} Rg8 {[#]} 33. Rxg7 $1 {[%mdl 512]} Rxg7 34. Qe8+ Kh7 35. Bf5+ Qg6 36. Bxg6+ ({Not} 36. Qxg6+ Rxg6 37. Re7+ (37. Bxg6+ Kxg6 38. Re6+ Kg5 $14) 37... Kg8 $14) 36... Rxg6 37. Qf7+ Rg7 38. Qf5+ {Precision: White = 55%, Black = 18%.} 1-0

[Event "GAMMA Reykjavik Open 2019"]
[Site "Reykjavik"]
[Date "2019.04.13"]
[Round "6.1"]
[White "Hovhannisyan, Robert"]
[Black "Firouzja, Alireza"]
[Result "1/2-1/2"]
[WhiteElo "2630"]
[BlackElo "2669"]
[Annotator "RC"]
[PlyCount "62"]
[EventDate "2019.04.04"]
[EventType "swiss"]
[EventCountry "ISL"]
[SourceTitle "playchess.com"]
[Source "ChessBase"]
[SourceQuality "1"]
[TimeControl "40/5400+30:1800+30"]

1. e4 {[%emt 0:01:36]} c5 {[%emt 0:00:00]} 2. Nf3 {[%emt 0:00:20]} d6 {[%emt 0:00:00]} 3. d4 {[%emt 0:00:22]} cxd4 {[%emt 0:00:00]} 4. Nxd4 {[%emt 0:00:06]} Nf6 {[%emt 0:00:04]} 5. Nc3 {[%emt 0:00:04]} a6 {[%emt 0:00:06]} 6. Be2 {[%emt 0:00:31]} e5 {[%emt 0:00:11]} 7. Nf3 {[%emt 0:00:26]} Be7 {[%emt 0:00:19]} 8. Bg5 {[%emt 0:00:18]} Be6 {[%emt 0:00:12]} 9. Bxf6 {[%emt 0:01:01]} Bxf6 {[%emt 0:00:09]} 10. O-O {[%emt 0:01:49]} O-O {[%emt 0:02:33]} 11. Nd5 {[%emt 0:00:33]} Nd7 {[%emt 0:01:06]} 12. Bc4 {[%emt 0:05:29]} Rc8 {[%emt 0:01:45]} 13. Qe2 {[%emt 0:02:09]} Nb6 {[%emt 0:08:57]} 14. Nxb6 {[%emt 0:00:59]} Qxb6 {[%emt 0:00:10]} 15. Bb3 {[%emt 0:00:57]} Qc6 {[%emt 0:01:53]} 16. c3 {[%emt 0:11:58]} d5 {[%emt 0:07:47]} 17. exd5 {[%emt 0:06:54]} Bxd5 {[%emt 0:00:08]} 18. Bxd5 {[%emt 0:01:08]} Qxd5 {[%emt 0:00:09]} 19. Rfd1 {[%emt 0:00:29]} Qc6 {[%emt 0:02:09]} 20. Rd2 {[%emt 0:08:57]} Rfe8 {[%emt 0:07:42]} 21. Rad1 {[%emt 0:04:06]} Qa4 {[%emt 0:01:36]} 22. b3 {[%emt 0:10:24]} Qf4 {[%emt 0:09:09]} 23. g3 {[%emt 0:03:10]} Qf5 {[%emt 0:03:51]} 24. c4 {[%emt 0:02:13]} h5 {[%emt 0:01:25]} 25. Ne1 {[%emt 0:03:34]} h4 {[%emt 0:01:49]} 26. Ng2 {[%emt 0:02:11]} hxg3 {[%emt 0:04:19]} 27. hxg3 {[%emt 0:00:45]} Bg5 {[%emt 0:00:15]} 28. Ne3 {[%emt 0:05:10]} Bxe3 {[%emt 0:09:09]} 29. Qxe3 {[%emt 0:00:17]} Re6 {[%emt 0:01:16]} 30. Rd5 {[%emt 0:03:43]} Rce8 {[%emt 0:01:40]} 31. Qd3 {[%emt 0:01:33]} Qg4 {[%emt 0:06:28]} 1/2-1/2

[Event "GAMMA Reykjavik Open 2019"]
[Site "Reykjavik"]
[Date "2019.04.13"]
[Round "6.2"]
[White "Lupulescu, Constantin"]
[Black "Movsesian, Sergei"]
[Result "1-0"]
[WhiteElo "2634"]
[BlackElo "2637"]
[Annotator "TA"]
[PlyCount "79"]
[EventDate "2019.04.04"]
[EventType "swiss"]
[EventCountry "ISL"]
[SourceTitle "playchess.com"]
[Source "ChessBase"]
[SourceQuality "1"]

{[%evp 25,79,28,35,29,28,37,39,36,47,49,58,49,41,48,74,69,77,83,72,42,133,126,133,137,134,143,140,141,145,141,153,143,171,91,185,190,213,127,144,128,155,148,199,205,199,212,225,235,229,243,531,513,29980,29981,29980,29981]} 1. e4 c5 2. Nf3 e6 3. d4 cxd4 4. Nxd4 Nc6 5. Nc3 a6 6. Nxc6 bxc6 7. Bd3 d5 8. O-O Nf6 9. Qf3 {B46: Sicilian: Taimanov: 5 Nc3 a6} (9. Re1 Be7 10. e5 Nd7 11. Qg4 Kf8 12. Nd1 h5 13. Qe2 h4 14. h3 g6 15. c4 Rh5 16. Bf4 Nc5 17. Bc2 d4 18. Qd2 a5 19. b3 Bb7 {1-0 (56) Saric,I (2690)-Movsesian,S (2629) chess.com INT 2019}) 9... Be7 10. Qg3 O-O 11. Bh6 Ne8 12. Bf4 Bh4 13. Qf3 Bg5 {LiveBook: 5 Games} 14. Na4 Bxf4 15. Qxf4 {[#]} Nf6 $146 ({Predecessor:} 15... Qc7 16. e5 Nf6 {1-0 (85) Bobras,P (2531)-Bai,J (2519) Germany 2015}) 16. b3 Re8 17. e5 Nd7 18. Rae1 {[%cal Ba1e1,Be1e3,Be3h3][%mdl 32]} Qe7 19. Re3 Bb7 20. Rh3 $40 {[%mdl 128] White has some attack.} f5 21. exf6 Nxf6 22. Qh4 {And now Nb6 would win.} h6 (22... g6 $1 $14) 23. Re1 $16 e5 24. Bg6 $1 Rf8 25. Rhe3 $1 {[%cal Re3e5]} e4 26. f3 $1 Bc8 27. fxe4 Qa7 28. h3 $1 Be6 29. Kh1 ({Better is} 29. e5 $1 $18 {[%cal Re5f6]} Nh7 30. Qb4) 29... d4 (29... Bf7 $16 30. Bf5 Nxe4) 30. Rf3 $18 Nh7 31. Bf5 (31. Rg3 $18) 31... Bxf5 32. Rxf5 Ng5 33. Nb2 Rxf5 (33... Rae8 $16 34. Nc4 Qd7) 34. exf5 {[%cal Be4f5,Bf5f6,Bf6g7][%mdl 32]} Rf8 35. Re5 $1 Nf7 36. Re7 Qc5 {[#]} 37. f6 $1 {[%cal Rf6g7]} Qxc2 $2 (37... gxf6 {was called for.} 38. Qxf6 Qg5 39. Qxg5+ hxg5) 38. fxg7 Rd8 {[#]} (38... Kxg7 $18 39. Qxd4+ Kg8) 39. Qf6 $1 Ng5 40. h4 {Accuracy: White = 69%, Black = 42%.} 1-0

[Event "GAMMA Reykjavik Open 2019"]
[Site "Reykjavik"]
[Date "2019.04.13"]
[Round "6.3"]
[White "Lagarde, Maxime"]
[Black "Jones, Gawain C B"]
[Result "0-1"]
[WhiteElo "2612"]
[BlackElo "2698"]
[Annotator "TA"]
[PlyCount "66"]
[EventDate "2019.04.04"]
[EventType "swiss"]
[EventCountry "ISL"]
[SourceTitle "playchess.com"]
[Source "ChessBase"]
[SourceQuality "1"]

{[%evp 17,66,33,53,6,16,20,24,11,17,12,20,5,25,-5,0,0,0,0,0,0,0,0,0,0,0,-187,-199,-185,-172,-203,-81,-470,-447,-459,-454,-500,-483,-518,-547,-551,-550,-549,-540,-535,-536,-880,-897,-896,-882,-1137,-701]} 1. e4 e5 2. Nf3 Nc6 3. Bb5 a6 4. Ba4 Nf6 5. O-O b5 6. Bb3 Bc5 7. c3 d6 8. a4 {[%cal Ba2a4,Ba4a5][%mdl 32]} Rb8 9. d4 Bb6 10. a5 {C78: Ruy Lopez: Archangelsk and Möller Defences} Ba7 $1 11. h3 O-O 12. Be3 {White has an edge.} (12. Re1 Bb7 13. Be3 exd4 14. cxd4 Ne7 15. Nbd2 Bxe4 16. Nxe4 Nxe4 17. Qc2 d5 {0-1 (33) Yu,Y (2759)-Svidler,P (2753) Shenzhen 2018}) 12... Ra8 13. Nbd2 h6 14. Re1 Re8 15. Qb1 exd4 16. cxd4 Nb4 {[#]} 17. Ra3 $146 ({Predecessor:} 17. d5 c6 18. dxc6 Nxc6 {1-0 (48) Bosiocic,M (2590)-Andreoni,G (2235) Spilimbergo 2018}) 17... c5 18. dxc5 dxc5 19. Bxf7+ Kxf7 20. e5 $1 {[%cal Re5f6]} Bb7 21. Bg5 $2 (21. Bxh6 $1 $11 gxh6 22. exf6 Qxf6 23. Ne5+ $1 {[%mdl 512]} Rxe5 24. Rxe5 Qxe5 25. Re3) 21... hxg5 $19 22. Nxg5+ Kg8 23. Ndf3 Nbd5 (23... Bxf3 $19 24. Rxf3 Qd2) 24. Rae3 $2 {[%mdl 8192]} (24. Qg6 $17 {was the crucial defense.} Bc6 25. Rae3 Nxe3 26. Qf7+ Kh8 27. Qg6 {[%mdl 64] Pin}) 24... Nxe3 {Black is clearly winning.} 25. Rxe3 {[#]} Rxe5 $1 26. Nxe5 {And now Ngf7 would win.} (26. Rxe5 Qd7) 26... Qd5 {[%csl Gb7][%cal Rd5g2]} 27. Nef3 c4 28. Re6 Qd3 29. Qe1 {Black must now prevent Rxf6!} Bxf3 30. Nxf3 Qd7 31. Rxf6 gxf6 32. Qe4 Rd8 33. Nh4 Bxf2+ {Accuracy: White = 40%, Black = 90%.} 0-1

[Event "GAMMA Reykjavik Open 2019"]
[Site "Reykjavik"]
[Date "2019.04.13"]
[Round "6.4"]
[White "L'Ami, Erwin"]
[Black "Van Foreest, Jorden"]
[Result "1/2-1/2"]
[WhiteElo "2647"]
[BlackElo "2598"]
[Annotator "TA"]
[PlyCount "59"]
[EventDate "2019.04.04"]
[EventType "swiss"]
[EventCountry "ISL"]
[SourceTitle "playchess.com"]
[Source "ChessBase"]
[SourceQuality "1"]

{[%evp 13,59,29,18,9,17,20,29,0,29,-2,-4,-16,0,-6,-16,-30,-19,-19,-12,-21,-26,-57,-17,-22,-17,-41,-14,-22,-10,-15,-9,-16,-8,-13,-11,-13,-3,-18,-4,-8,0,-4,0,-5,0,-5,0,-13]} 1. d4 d5 2. c4 dxc4 3. Nf3 Nf6 4. e3 e6 5. Bxc4 c5 6. O-O Nc6 {[%cal Bb8c6,Bc6a5,Ba5b3][%mdl 32]} 7. Nc3 {D26: Queen's Gambit Accepted: 4 e3 e6 5 Bxc5 c5 sidelines} a6 {LiveBook: 182 Games} 8. Be2 cxd4 9. Nxd4 (9. exd4 Be7 10. Be3 b5 11. Ne5 Bd7 12. Bf3 {1-0 (42) Aronian,L (2765)-So,W (2765) Kolkata 2018}) 9... Bd7 $146 ({Predecessor:} 9... Nxd4 10. Qxd4 Qxd4 11. exd4 {1-0 (11) Drungiliene,L (1483)-Liandzbergas,M Plateliai 2014}) 10. Nb3 Na5 11. Bd2 Nxb3 $1 12. Qxb3 Bc6 13. Rfd1 Bd6 14. Rac1 O-O 15. h3 Qe7 16. Be1 Rfd8 17. Rd4 Be5 18. Rxd8+ Rxd8 19. Rd1 Rxd1 20. Qxd1 {The position is equal.} Qd7 (20... h6 {looks sharper.} 21. Bf3 Bxf3 22. Qxf3 Qc7 23. Qe2 b5) 21. Qxd7 Nxd7 22. Kf1 Kf8 23. f3 Ke7 24. Bd3 h6 25. Ke2 Nc5 26. Bc2 Nd7 27. Nd1 Nc5 28. Nc3 Nd7 29. Nd1 Nc5 30. Nc3 {Precision: White = 52%, Black = 32%.} 1/2-1/2

[Event "GAMMA Reykjavik Open 2019"]
[Site "Reykjavik"]
[Date "2019.04.13"]
[Round "6.5"]
[White "Eggleston, David J"]
[Black "Tari, Aryan"]
[Result "1-0"]
[WhiteElo "2401"]
[BlackElo "2615"]
[Annotator "TA"]
[PlyCount "67"]
[EventDate "2019.04.04"]
[EventType "swiss"]
[EventCountry "ISL"]
[SourceTitle "playchess.com"]
[Source "ChessBase"]
[SourceQuality "1"]

{[%evp 22,67,23,25,43,39,54,54,54,54,54,46,54,54,54,54,54,29,52,46,60,50,76,70,183,171,179,189,184,185,156,178,210,130,477,476,832,831,832,825,813,812,776,762,29991,29992,29992,-3]} 1. e4 e5 2. Nf3 Nc6 3. Bc4 Bc5 4. c3 Nf6 5. d4 exd4 6. cxd4 Bb4+ 7. Bd2 Nxe4 8. Bxb4 Nxb4 9. Bxf7+ Kxf7 10. Qb3+ d5 11. Qxb4 Rf8 {C54: Giuoco Piano: 4 c3 Nf6, main lines with 5 d4 and 5 d3} 12. Nc3 {LiveBook: 6 Games. White wants to play Ne5+.} a5 (12... Kg8 13. Nxe4 dxe4 14. Ne5 Be6 15. O-O Qd6 16. Qc3 Rad8 17. Rfd1 Rf5 18. Qc2 Rdf8 19. Rd2 {0-1 (43) Petrov,M (2475)-Goganov,A (2635) Sweden 2017}) 13. Qb3 {Strongly threatening Nxe4.} Nxc3 {White is slightly better.} 14. Qxc3 Kg8 15. O-O c6 $146 ({Predecessor:} 15... Z0 16. Rfe1 Bf5 17. Re5 Bg4 18. Nd2 a4 19. Rae1 Rf7 20. Qa3 Bd7 21. Qc5 c6 22. Re7 h6 23. Qa3 {0-1 (23) Lemos,D (2231)-Dos Santos,V (2091) Florianopolis 2016}) 16. Rae1 {[%cal Ba1e1,Be1e3,Be3f3][%mdl 32]} Bf5 17. Ne5 Qd6 18. Re3 a4 19. a3 Rfc8 20. Rfe1 h6 21. h3 c5 22. Rf3 Be6 (22... cxd4 $14 23. Qxd4 Be4) 23. Qd3 Ra6 24. Qg6 Qe7 25. dxc5 Rxc5 26. Nd3 Rc8 27. Nf4 Rcc6 $2 {[%mdl 8192] [#]} (27... Bf5 $16 28. Rxe7 Bxg6) 28. Nh5 $1 $18 {[%cal Rh5f6] And now Nf6+ would win.} Kh8 {[#]} (28... Bxh3 $142 29. Qh7+ Kxh7 30. Rxe7 Rg6) 29. Nf6 $1 {[%mdl 576] Deflection} gxf6 30. Qxh6+ Qh7 31. Qxf6+ Qg7 32. Qh4+ Qh7 {[#]} 33. Rf8+ $1 Bg8 {[#]} 34. Rxg8+ $1 {[%mdl 33344] Pin. Accuracy: White = 73%, Black = 40%. . Loss on time!?} 1-0